Statistiques concernant League of Legends - Lore et univers #1

Cliquez ici pour prendre le quiz!

Statistiques générales

  • Ce quiz a été pris 1 957 fois
  • Le résultat moyen est 9 sur 15

Statistiques - réponses

DifficultéQuestionsRéponse% Correct
FacileQui est la fille de Kassadin ?Kai'Sa
88%
FacileIl a créé Blitzcrank.Viktor
83%
FacileDe quelle région vient Riven ?Noxus
79%
FacileQui est la sœur de Katarina ?Cassiopeia
69%
MoyenneSon nom de famille est "Laurent".Fiora
69%
DifficileQuelle technologie est utilisée à Piltover/Zaun ?Hextech
69%
DifficileDe qui Sivir est-elle la descendente ?Azir
68%
FacileQuelle région est habitée par les Yordles ?Bandle
65%
MoyenneQui possède la couronne de Jarvan 1er ?Sion
63%
MoyenneIl est le mentor de Taliyah.Yasuo
59%
MoyenneD'où vient Janna ?Zaun
55%
MoyenneQuelle est la région d'origine de Nidalee ?Ixtal
52%
DifficileQuel est le nom de la défunte femme de Viego ?Isolde
41%
DifficileDe quel royaume Viego était-il le roi ?Camavor
25%
DifficileQuel était le nom du mari de Kalista ?Ledros
7%

Distribution des résultats

Percentile par nombre de réponses

% des personnes avec chaque résultat

Votre développement - résultats

Vous n’avez pas pris ce quiz